Statistiken für Alle Elektro-Pokemon

Klicken Sie hier um das Quiz zu spielen!

Allgemein

  • Dieses Quiz wurde 286 mal gespielt
    (114 seit der letzten Aktualisierung)
  • Das Durchschnittsergebnis liegt bei 49 aus 69

Antwortstatistiken

Pokedex-NummerPokemon2. Typ% Korrekt
025Pikachu
99%
082MagnetonStahl
97%
026Raichu
97%
125Elektek
96%
081MagnetiloStahl
96%
145ZapdosFlug
96%
100Voltobal
94%
101Lektrobal
93%
462MagnezoneStahl
92%
135Blitza
90%
172Pichu
90%
171LanturnWasser
89%
170LampiWasser
87%
312Minun
87%
311Plusle
87%
239Elekid
86%
181Ampharos
85%
179Voltilamm
85%
466Elevoltek
83%
243Raikou
83%
310Voltenso
83%
417Pachirisu
82%
479RotomGeist
82%
180Waaty
82%
309Frizelbliz
80%
404Luxio
80%
405Luxtra
80%
403Sheinux
80%
644ZekromDrache
80%
702DedenneFee
79%
587EmolgaFlug
79%
602Zapplardin
79%
604Zapplarang
77%
738DonarionKäfer
75%
595WattzapfKäfer
75%
596VoltulaKäfer
73%
523Zebritz
73%
737AkkupKäfer
72%
785Kapu-RikiFee
72%
603Zapplalek
72%
522Elezeba
70%
642VoltolosFlug
70%
695ElezardNormal
68%
618FlunschlikBoden
68%
777TogedemaruStahl
65%
694EguanaNormal
62%
835Voldi
61%
796Voltriant
61%
836Bellektro
59%
894Regieleki
59%
807Zeraora
58%
881LecryodonEis
56%
880LectragonDrache
54%
877MorpekoUnlicht
52%
921Pamo
52%
849RiffexGift
52%
848ToxelGift
52%
1008MiraidonDrache
49%
922PamamoKampf
49%
923PamomamoKampf
49%
741ChoreogelFlug
48%
871Britzigel
45%
992EisenhandKampf
39%
941VoltreanFlug
39%
940VoltrelFlug
37%
995EisendornGestein
34%
938Blipp
30%
989SandfellBoden
30%
939Wampitz
28%

Verteilung der Resultate

Perzentil nach korrekt beantworteten Fragen

Anzahl Personen mit jedem Resultat

Ihre Resultats-Entwicklung

Sie haben dieses Quiz seit der letzten Aktualisierung nicht gespielt